000 02326nam a2200385 4500
003 EC-UNACH
005 20250512171222.0
006 s||||gr|||| 00| 00
008 150116t9999 mx r gr 000 0 spa d
020 _a10121498
040 _aEC-UNACH
_cEC-UNACH
041 _aspa
082 0 4 _223
_a300
_bL17732
110 _aCentro Andino de Acción Popular (CAAP)
245 _aEcuador Debate N°78. Cuerpos y Sexualidades
250 _aPrimera edición
264 _aQuito - Ecuador
_bCAAP
_c2009
300 _a194 páginas
_bTablas, Cuadro
_c14,5 X 21 cm
505 _aCOYUNTURA.- Diálogo sobre la coyuntura. Tiempo de redefiniciones y opciones políticas. Conflictividad socio-política: Julio-Octubre 2009. -- TEMA CENTRAL.- Sexualidad: de la desregulación a la violencia. El sexo del Otro. Cuando lo 'queer' si da: género y sexualidad en Guayaquil. Re-construcciones del "hombre" virtual: repensando las identidades de género en Gaydar. Las expansiones subversivas de lo trans-feminista en Ecuador. Un recorrido por el Proyecto trans-género/casatrans y las autorepresentaciones de sus activistas. La <<heteronormatividad>> y la nada. "Camellando" la vida en Quito y sin empleo. Diversidades sexuales y de género: exclusión social e inserción en Quito. -- DEBATE AGRARIO-RURAL.- La FENACLE y la organización de los asalariados rurales en la Provincia del Guayas. -- ANÁLISIS.- De las críticas contra el sistema al ejercicio del poder: Los movimientos sociales indígenas y las políticas de Reforma Educativa en Bolivia. Jefes militares de la Revolución Quiteña. -- RESEÑAS.- La maldición de la abundancia. Imágenes en disputa. Representaciones de mujeres indígenas de la sierra ecuatoriana. Diversidades sexuales y de género: exclusión social e inserción laboral en Quito.
650 _aIDENTIDADES DE GÉNERO
650 _aSEXUALIDAD
650 _aHOMBRE VIRTUAL
650 _aTRANS - GÉNERO
650 _aGÉNERO Y SEXUALIDAD
700 _aDupret, Marie-Astrid
700 _aGutiérrez Vera, Daniel
700 _aAmelia Viteri, María
700 _aLuengo, Francisca
942 _2ddc
_c1
999 _c13510